LEADER 02427oam 2200673I 450 001 9910459458103321 005 20200520144314.0 010 $a1-282-78014-X 010 $a9786612780141 010 $a1-84940-831-9 024 7 $a10.4324/9780429477843 035 $a(CKB)2670000000054799 035 $a(EBL)689985 035 $a(OCoLC)694143553 035 $a(SSID)ssj0000486270 035 $a(PQKBManifestationID)12195919 035 $a(PQKBTitleCode)TC0000486270 035 $a(PQKBWorkID)10443198 035 $a(PQKB)10715823 035 $a(MiAaPQ)EBC689985 035 $a(Au-PeEL)EBL689985 035 $a(CaPaEBR)ebr10419994 035 $a(CaONFJC)MIL278014 035 $a(OCoLC)1029237168 035 $a(EXLCZ)992670000000054799 100 $a20180706d2018 uy 0 101 0 $aeng 135 $aur|n|---||||| 181 $ctxt 182 $cc 183 $acr 200 00$aOn Freud's "mourning and melancholia" /$fedited by Leticia Glocer Fiorini, Thierry Bokanowski, Sergio Lewkowicz ; foreword by Ethel Spector Person 210 1$aAbingdon, Oxon ;$aNew York, NY :$cRoutledge,$d2018. 215 $a1 online resource (308 p.) 225 1 $aContemporary Freud : turning points and critical issues 300 $aDescription based upon print version of record. 311 $a1-85575-744-3 320 $aIncludes bibliographical references (p. 193-204) and index. 327 $apt. 1. "Mourning and melancholia" (1917e [1915]) -- pt. 2. Discussion of "Mourning and Melancholia." 330 $aBoth melancholia and mourning are triggered by the same thing, that is, by loss. The distinction often made is that mourning occurs after the death of a loved one while in melancholia the object of love does not qualify as irretrievably lost. 410 0$aContemporary Freud. 606 $aLoss (Psychology) 606 $aBereavement$xPsychological aspects 608 $aElectronic books. 615 0$aLoss (Psychology) 615 0$aBereavement$xPsychological aspects. 676 $a150.19/52 676 $a150.1952 702 $aBokanowski$b Thierry 702 $aFiorini$b Leticia Glocer 702 $aLewkowicz$b Sergio 702 $aPerson$b Ethel Spector 801 0$bMiAaPQ 801 1$bMiAaPQ 801 2$bMiAaPQ 906 $aBOOK 912 $a9910459458103321 996 $aOn Freud's "mourning and melancholia"$92106623 997 $aUNINA LEADER 03986oas 2201585 a 450 001 9910144722103321 005 20251217200805.0 011 $a1879-0607 035 $a(DE-599)ZDB1497841-6 035 $a(DE-599)1497841-6 035 $a(OCoLC)38927849 035 $a(CONSER) 2004233031 035 $a(CKB)954925609895 035 $a(EXLCZ)99954925609895 100 $a19980409a19979999 sy a 101 0 $aeng 135 $aurmnu|||||||| 181 $ctxt$2rdacontent 182 $cc$2rdamedia 183 $acr$2rdacarrier 200 10$aEvolution and human behavior 210 $aNew York, NY $cElsevier Science Inc.$d1997- 215 $a1 online resource 300 $aRefereed/Peer-reviewed 300 $aTitle from contents screen (ScienceDirect, viewed Jan. 6, 2004). 311 08$a1090-5138 531 1 $aEvol. hum. behav. 606 $aHuman behavior$vPeriodicals 606 $aHuman evolution$vPeriodicals 606 $aPsychology$vPeriodicals 606 $aEvolution (Biology) 606 $aHuman behavior 606 $aBiological Evolution 606 $aHumans 606 $aBehavior 606 $aComportement humain$vPe?riodiques 606 $aHomme$xE?volution$xPe?riodiques 606 $aPsychologie$xPe?riodiques 606 $aHomme$xE?volution$vPe?riodiques 606 $aPsychologie$vPe?riodiques 606 $aE?volution (Biologie) 606 $aComportement humain 606 $aevolution$2aat 606 $ahuman behavior$2aat 606 $aEvolution (Biology)$2fast$3(OCoLC)fst00917302 606 $aHuman behavior$2fast$3(OCoLC)fst00962811 606 $aHuman evolution$2fast$3(OCoLC)fst00963030 606 $aPsychology$2fast$3(OCoLC)fst01081447 606 $aEvolutie$2gtt 606 $aGedrag$2gtt 608 $aperiodicals.$2aat 608 $aPeriodicals.$2fast 608 $aPeriodicals.$2lcgft 608 $aPe?riodiques.$2rvmgf 615 0$aHuman behavior 615 0$aHuman evolution 615 0$aPsychology 615 0$aEvolution (Biology) 615 0$aHuman behavior. 615 12$aBiological Evolution. 615 02$aHumans. 615 2$aBehavior. 615 6$aComportement humain 615 6$aHomme$xE?volution$xPe?riodiques. 615 6$aPsychologie$xPe?riodiques. 615 6$aHomme$xE?volution 615 6$aPsychologie 615 6$aE?volution (Biologie) 615 6$aComportement humain. 615 7$aevolution. 615 7$ahuman behavior. 615 7$aEvolution (Biology) 615 7$aHuman behavior. 615 7$aHuman evolution. 615 7$aPsychology. 615 17$aEvolutie. 615 17$aGedrag. 676 $a155.7/05 712 02$aHuman Behavior and Evolution Society, 801 0$bOH1 801 1$bOH1 801 2$bOCL 801 2$bOCLCQ 801 2$bGUA 801 2$bOCLCQ 801 2$bU9S 801 2$bGUA 801 2$bOCLCQ 801 2$bSERSO 801 2$bOCLCQ 801 2$bOPELS 801 2$bOCLCF 801 2$bOCLCO 801 2$bVT2 801 2$bOCLCQ 801 2$bOCLCO 801 2$bOCLCQ 801 2$bTSC 801 2$bOCLCO 801 2$bOCLCA 801 2$bBUF 801 2$bU3W 801 2$bEZC 801 2$bOCLCO 801 2$bFQM 801 2$bOCLCO 801 2$bAU@ 801 2$bOCLCO 801 2$bWYU 801 2$bOCLCO 801 2$bUKMGB 801 2$bOCLCA 801 2$bAUD 801 2$bOCLCO 801 2$bOCLCA 801 2$bTKN 801 2$bOCLCO 801 2$bOCLCA 801 2$bBWN 801 2$bOCLCO 801 2$bOCL 801 2$bOCLCQ 801 2$bUAB 801 2$bUBY 801 2$bOCLCL 801 2$bCSU 801 2$bOCLCE 801 2$bFIE 801 2$bWURST 801 2$bAAE 801 2$bOCLCQ 906 $aJOURNAL 912 $a9910144722103321 996 $aEvolution and human behavior$91892256 997 $aUNINA